Personnalités politiques françaises n°11 - Statistiques

Statistiques générales
  • Ce quiz a été pris 889 fois
  • Le résultat moyen est 7 sur 20
Statistiques - réponses
Par images Réponse % Correct
Manuel Bompard
75%
Pap Ndiaye
74%
Aymeric Caron
68%
Clément Beaune
50%
Damien Abad
46%
Luc Ferry
46%
Michel Sapin
39%
Agnès Pannier-Runacher
33%
Laurent Jacobelli
30%
Marc Fesneau
30%
Aurélien Pradié
29%
Olivia Grégoire
25%
Danielle Simonnet
20%
Catherine Colonna
18%
David Rachline
18%
Jacques Toubon
14%
Claude Malhuret
12%
Huguette Bello
12%
Roland Dumas
10%
David Cormand
5%
Aucun quiz correspondant
Distribution des résultats
% des personnes avec chaque résultat
Percentile par nombre de réponses
Votre historique - résultats
Vous n’avez pas pris ce quiz